[Event "Seville op 47th"]
[Site "Seville"]
[Date "2022.07.21"]
[Round "7"]
[White "Ramos del Campo, Alexander"]
[Black "Espinosa Aranda, Angel"]
[Result "1/2-1/2"]
[WhiteElo "2119"]
[BlackElo "2439"]
[PlyCount "121"]
[EventDate "2022.07.16"]
[EventType "swiss"]
[EventRounds "9"]
[EventCountry "ESP"]
[SourceTitle "CBM 209 Extra"]
[Source "ChessBase"]
[SourceDate "2022.09.30"]
[SourceVersion "1"]
[SourceVersionDate "2022.09.30"]
[SourceQuality "1"]

1. d4 e6 2. Nf3 c5 3. c3 Nc6 4. e4 d5 5. e5 Bd7 6. Be2 Rc8 7. 0-0 Nge7 8. Na3 cxd4 9. Nb5 Nf5 10. Nbxd4 Nfxd4 11. cxd4 Be7 12. Bd2 0-0 13. Qb1 Qb6 14. Bc3 Na5 15. h4 Bb5 16. Bxb5 Qxb5 17. Bxa5 Qxa5 18. Rc1 Qb5 19. Rc2 Qa4 20. b3 Qa6 21. a4 Qd3 22. Rc1 Qxb1 23. Raxb1 Ba3 24. Rxc8 Rxc8 25. Kf1 a5 26. Ne1 h5 27. Ke2 Bb4 28. Rb2 Rc3 29. Rb1 Kh7 30. g3 Kg6 31. f3 f6 32. exf6 gxf6 33. Rb2 Ba3 34. Rc2 Rxb3 35. Nd3 Bd6 36. Rc8 Kf5 37. Rg8 b5 38. Ke3 Bxg3 39. Rxg3 bxa4 40. Kd2 a3 41. Rg1 a2 42. Ra1 Ra3 43. Ke2 e5 44. dxe5 fxe5 45. Nc1 e4 46. fxe4+ dxe4 47. Rxa2 Rxa2+ 48. Nxa2 Kg4 49. Nc3 Kxh4 50. Nxe4 a4 51. Kf2 a3 52. Nc3 Kg4 53. Na2 Kf4 54. Kg2 Ke3 55. Kh3 Kd3 56. Kh4 Kc2 57. Kxh5 Kb2 58. Nb4 Kb3 59. Nd3 a2 60. Nc1+ Kb2 61. Nxa2 1/2-1/2

[Event "Tres Cantos op 10th"]
[Site "Tres Cantos"]
[Date "2018.06.27"]
[Round "7.6"]
[White "Ramos del Campo, Alexander"]
[Black "Lopez de Turiso, Jose Angel"]
[Result "1-0"]
[WhiteElo "2165"]
[BlackElo "2033"]
[PlyCount "92"]
[EventDate "2018.06.21"]
[EventType "swiss"]
[EventRounds "9"]
[EventCountry "ESP"]
[SourceTitle "EXT 2024"]
[Source "ChessBase"]
[SourceDate "2023.10.10"]
[SourceVersion "1"]
[SourceVersionDate "2023.10.10"]
[SourceQuality "1"]

1. e4 e5 2. Nf3 Nc6 3. Bc4 Nf6 4. d3 Be7 5. 0-0 0-0 6. Re1 d6 7. a4 Kh8 8. a5 Rb8 9. Nc3 a6 10. h3 Ne8 11. Nd5 f5 12. c3 fxe4 13. dxe4 Bf6 14. Nh2 Bg5 15. Bxg5 Qxg5 16. Re3 Qd8 17. Rg3 Nf6 18. Nxf6 Rxf6 19. Ng4 Bxg4 20. hxg4 Rg6 21. Qf3 Qe7 22. Bd5 Rf8 23. Qe2 Nd8 24. Rd1 Qg5 25. Rf3 Rxf3 26. Qxf3 Rf6 27. Qg3 h6 28. b4 Rf4 29. f3 Rf8 30. Kf2 Kh7 31. Ke2 Qf4 32. Qxf4 Rxf4 33. Ra1 c6 34. Bb3 Rf6 35. Rd1 g5 36. c4 Ne6 37. Ke3 Nd4 38. Ba4 Kg8 39. Rb1 Rf7 40. b5 cxb5 41. cxb5 axb5 42. Bxb5 Nxb5 43. Rxb5 Rg7 44. Rb6 Rd7 45. Kd3 Kf7 46. Kc4 Ke6 1-0

[Event "Madrid San Viator op-A 30th"]
[Site "Madrid"]
[Date "2018.05.06"]
[Round "4"]
[White "Uceda Martinez, Jacinto"]
[Black "Ramos del Campo, Alexander"]
[Result "0-1"]
[WhiteElo "1782"]
[BlackElo "2176"]
[PlyCount "86"]
[EventDate "2018.04.08"]
[EventType "swiss"]
[EventRounds "9"]
[EventCountry "ESP"]
[SourceTitle "EXT 2019"]
[Source "ChessBase"]
[SourceDate "2018.10.10"]
[SourceVersion "1"]
[SourceVersionDate "2018.10.10"]
[SourceQuality "1"]

1. d4 Nf6 2. c4 e6 3. Nf3 Bb4+ 4. Nc3 b6 5. Bg5 h6 6. Bxf6 Qxf6 7. e3 c5 8. Be2 Bb7 9. 0-0 Bxc3 10. bxc3 0-0 11. Rb1 d6 12. a4 Nc6 13. d5 Na5 14. Qd3 Ba6 15. Qe4 exd5 16. Qxd5 Qxc3 17. Rfc1 Qf6 18. Rd1 Rad8 19. Nd2 Qe6 20. Bf1 Qe8 21. Ra1 Bb7 22. Qh5 Bc6 23. Qg4 Bxa4 24. Rdb1 Bc2 25. Rc1 Bg6 26. Rd1 Nc6 27. Nf3 a5 28. Qg3 Ne5 29. Ra2 Nxf3+ 30. gxf3 Qe5 31. f4 Qc3 32. Rad2 Bc2 33. f5 Bxd1 34. Rxd1 Qe5 35. Qg4 d5 36. f6 Qxf6 37. Bg2 dxc4 38. Rxd8 Rxd8 39. Qxc4 Rd1+ 40. Bf1 Qg6+ 41. Kh1 Qb1 42. Kg2 Rxf1 43. Qxf1 Qxf1+ 0-1

[Event "Madrid-chT 1718"]
[Site "Madrid"]
[Date "2018.03.04"]
[Round "12.15"]
[White "Ramos del Campo, Alexander"]
[Black "Ortega Ruiz, Jose Miguel"]
[Result "0-1"]
[WhiteElo "2168"]
[BlackElo "2285"]
[PlyCount "88"]
[EventDate "2017.11.19"]
[EventType "team-tourn"]
[EventRounds "14"]
[EventCountry "ESP"]
[SourceTitle "EXT 2019"]
[Source "ChessBase"]
[SourceDate "2018.10.10"]
[SourceVersion "1"]
[SourceVersionDate "2018.10.10"]
[SourceQuality "1"]
[WhiteTeam "Alcorcon"]
[BlackTeam "Collado Villalba"]
[WhiteTeamCountry "ESP"]
[BlackTeamCountry "ESP"]

1. e4 e5 2. Nf3 Nc6 3. Bc4 Nf6 4. d3 Be7 5. 0-0 0-0 6. Re1 d6 7. c3 Na5 8. Bb5 a6 9. Ba4 b5 10. Bc2 c5 11. Nbd2 Be6 12. Nf1 Qc7 13. Bg5 Nc6 14. Ne3 h6 15. Bxf6 Bxf6 16. Bb3 Rad8 17. a4 b4 18. Nd5 Bxd5 19. Bxd5 bxc3 20. bxc3 Ne7 21. c4 Rb8 22. Qc2 Rb4 23. Reb1 Rfb8 24. Rxb4 cxb4 25. Qb3 Ng6 26. a5 Qc5 27. g3 Nf8 28. Ra4 Bd8 29. Nd2 Nd7 30. Qb1 Bg5 31. Nb3 Qa7 32. h4 Bd8 33. Nc1 Qc5 34. Nb3 Qc8 35. Nc1 b3 36. Nxb3 Nc5 37. Ra3 Bxa5 38. Qd1 Bb4 39. Ra2 Nxb3 40. Qxb3 Bc5 41. Qd1 Qh3 42. d4 Bxd4 43. Ra3 Rb2 44. Qf1 Bxf2+ 0-1

[Event "Madrid-chT 1718"]
[Site "Madrid"]
[Date "2018.01.21"]
[Round "6.15"]
[White "Ramos del Campo, Alexander"]
[Black "Sanchez Gonzalez, Sergio"]
[Result "1/2-1/2"]
[WhiteElo "2168"]
[BlackElo "2290"]
[PlyCount "116"]
[EventDate "2017.11.19"]
[EventType "team-tourn"]
[EventRounds "14"]
[EventCountry "ESP"]
[SourceTitle "EXT 2019"]
[Source "ChessBase"]
[SourceDate "2018.10.10"]
[SourceVersion "1"]
[SourceVersionDate "2018.10.10"]
[SourceQuality "1"]
[WhiteTeam "Alcorcon"]
[BlackTeam "Liberty Chess"]
[WhiteTeamCountry "ESP"]
[BlackTeamCountry "ESP"]

1. e4 c5 2. Nf3 e6 3. b3 d6 4. Bb2 Nf6 5. e5 dxe5 6. Nxe5 a6 7. a4 Be7 8. Na3 0-0 9. Be2 Nd5 10. 0-0 f6 11. Nd3 Nc6 12. f4 Rb8 13. Bg4 Nc7 14. Bf3 Nd4 15. a5 Bd7 16. Bxd4 cxd4 17. Nc4 Bb5 18. Re1 Qe8 19. Qe2 Qg6 20. g3 Qh6 21. Qg2 Rfd8 22. Bxb7 Nd5 23. Bxd5 exd5 24. Nb6 Bf8 25. Re6 Qg6 26. Qf3 Qf7 27. Rae1 Qc7 28. Qd1 Be8 29. Nxd5 Qxa5 30. Ne7+ Bxe7 31. Rxe7 Bh5 32. g4 Bf7 33. Qe2 Qd5 34. Qe4 Qxe4 35. R1xe4 Rbc8 36. Ne1 d3 37. cxd3 Bxb3 38. Ra7 Ra8 39. Rc7 a5 40. Ree7 a4 41. Rxg7+ Kf8 42. Nc2 a3 43. Nxa3 Rxa3 44. Rxh7 Bg8 45. Rh6 Rd6 46. g5 Raxd3 47. Rc8+ Kg7 48. Rxf6 Rxf6 49. gxf6+ Kf7 50. Kf2 Rxd2+ 51. Kg3 Rd1 52. Rc6 Rg1+ 53. Kf2 Rg6 54. Kf3 Rh6 55. Kg3 Bh7 56. Rc7+ Ke8 57. Rc8+ Kf7 58. Rc7+ Kf8 1/2-1/2

[Event "Madrid-chT 1718"]
[Site "Madrid"]
[Date "2018.01.14"]
[Round "5.14"]
[White "Ramos del Campo, Alexander"]
[Black "Martin Duque, Jesus"]
[Result "0-1"]
[WhiteElo "2168"]
[BlackElo "2384"]
[PlyCount "124"]
[EventDate "2017.11.19"]
[EventType "team-tourn"]
[EventRounds "14"]
[EventCountry "ESP"]
[SourceTitle "EXT 2019"]
[Source "ChessBase"]
[SourceDate "2018.10.10"]
[SourceVersion "1"]
[SourceVersionDate "2018.10.10"]
[SourceQuality "1"]
[WhiteTeam "Alcorcon"]
[BlackTeam "Collado Villalba"]
[WhiteTeamCountry "ESP"]
[BlackTeamCountry "ESP"]

1. e4 e5 2. Nf3 Nc6 3. Bc4 Nf6 4. d3 Be7 5. 0-0 0-0 6. Re1 d6 7. c3 Na5 8. Bb5 a6 9. Ba4 b5 10. Bc2 c5 11. Nbd2 Nc6 12. h3 Re8 13. Nf1 h6 14. d4 Bf8 15. Ng3 Bd7 16. d5 Ne7 17. Nh4 g6 18. Rf1 Bg7 19. Nf3 Qc8 20. Be3 Nh7 21. Nh2 h5 22. f4 h4 23. Ne2 f5 24. fxe5 Bxe5 25. Nf3 Bf6 26. Bf4 fxe4 27. Bxe4 Bf5 28. Bxf5 Nxf5 29. Qd2 Ra7 30. Rae1 Rae7 31. Kh2 Qd8 32. g4 hxg3+ 33. Nxg3 Nh4 34. Nxh4 Bxh4 35. Re6 Rxe6 36. dxe6 d5 37. Rd1 Qf6 38. e7 Rxe7 39. Qxd5+ Rf7 40. Rf1 Bxg3+ 41. Kxg3 g5 42. Kh2 gxf4 43. Rg1+ Kh8 44. Qa8+ Rf8 45. Qf3 Qe5 46. Rg2 Rg8 47. Re2 Qg5 48. Re1 Qg3+ 49. Qxg3 Rxg3 50. Rf1 Rd3 51. Rxf4 Rd2+ 52. Kg3 Rxb2 53. Kh4 Rxa2 54. Kh5 Kg7 55. Rg4+ Kf7 56. Kh6 Nf6 57. Rg7+ Ke6 58. Rg6 Rd2 59. h4 Rd5 60. Kg7 Rd7+ 61. Kh6 Rh7+ 62. Kg5 Rh5+ 0-1

[Event "Tres Cantos op 9th"]
[Site "Tres Cantos"]
[Date "2017.06.25"]
[Round "4"]
[White "Gascon del Nogal, Jose Rafael"]
[Black "Ramos del Campo, Alexander"]
[Result "1-0"]
[WhiteElo "2490"]
[BlackElo "2111"]
[PlyCount "83"]
[EventDate "2017.06.22"]
[EventType "swiss"]
[EventRounds "9"]
[EventCountry "ESP"]
[SourceTitle "EXT 2019"]
[Source "ChessBase"]
[SourceDate "2018.10.10"]
[SourceVersion "1"]
[SourceVersionDate "2018.10.10"]
[SourceQuality "1"]

1. e4 c5 2. Nf3 e6 3. d4 cxd4 4. Nxd4 a6 5. Bd3 Nf6 6. 0-0 Qc7 7. Qe2 d6 8. f4 g6 9. Bd2 Bg7 10. Kh1 0-0 11. c4 b6 12. Nc3 Bb7 13. Nf3 Nbd7 14. b4 Rac8 15. Rac1 Qb8 16. a3 Qa8 17. Rfe1 Rfd8 18. Ng5 Rc7 19. a4 Rdc8 20. h3 h6 21. Nf3 d5 22. e5 dxc4 23. Bxg6 Nd5 24. Nxd5 Bxd5 25. Bc2 Kh8 26. Bc3 Rg8 27. Nh4 Qd8 28. Qh5 Nf8 29. Re3 Nh7 30. Rg3 Bf8 31. Rxg8+ Kxg8 32. Re1 Kh8 33. Re3 Qa8 34. Rg3 Bg7 35. Rg4 Qg8 36. f5 Ng5 37. f6 Bf8 38. Nf3 a5 39. bxa5 bxa5 40. h4 Bxf3 41. gxf3 Bb4 42. Qxh6+ 1-0

[Event "La Roda op 44th"]
[Site "La Roda"]
[Date "2017.04.13"]
[Round "2"]
[White "Ramos del Campo, Alexander"]
[Black "Trigo Urquijo, Sergio"]
[Result "0-1"]
[WhiteElo "2085"]
[BlackElo "2397"]
[PlyCount "98"]
[EventDate "2017.04.12"]
[EventType "swiss"]
[EventRounds "9"]
[EventCountry "ESP"]
[SourceTitle "CBM 177 Extra"]
[Source "ChessBase"]
[SourceDate "2017.04.27"]
[SourceVersion "1"]
[SourceVersionDate "2017.04.27"]
[SourceQuality "1"]

1. e4 d6 2. d4 Nf6 3. Nc3 e5 4. Nf3 Nbd7 5. Bc4 Be7 6. 0-0 0-0 7. Re1 a6 8. a4 b6 9. Bd3 Bb7 10. b3 Re8 11. Bb2 Bf8 12. dxe5 dxe5 13. Qe2 c6 14. Red1 Qe7 15. Nb1 g6 16. Nbd2 b5 17. Nf1 Nh5 18. g3 f6 19. Qd2 Nc5 20. Ba3 Ng7 21. Bxc5 Qxc5 22. c4 b4 23. Bc2 Ne6 24. Qd7 a5 25. Qd2 Qb6 26. Ne3 Qc7 27. Ng4 Qg7 28. Qe2 Bc8 29. Ne3 Bc5 30. Rd2 Ra7 31. Rad1 h5 32. Kg2 Qh6 33. Bb1 Rae7 34. Nc2 Qg7 35. Nce1 Qh6 36. Nd3 Bd4 37. Nde1 Rh7 38. Rd3 h4 39. Kh1 hxg3 40. fxg3 Nc5 41. Nxd4 Nxd3 42. Rxd3 exd4 43. Rxd4 c5 44. Rd6 Bb7 45. Kg1 Rhe7 46. Qf2 Bxe4 47. Bxe4 Rxe4 48. Nf3 Qc1+ 49. Qf1 Re1 0-1

[Event "Madrid-ch sf-B"]
[Site "Madrid"]
[Date "2016.03.19"]
[Round "7"]
[White "Ramos del Campo, Alexander"]
[Black "Perez de Aranda, Leonardo Ivan"]
[Result "1/2-1/2"]
[WhiteElo "2091"]
[BlackElo "2082"]
[PlyCount "64"]
[EventDate "2016.03.03"]
[EventType "swiss"]
[EventRounds "9"]
[EventCountry "ESP"]
[SourceTitle "EXT 2017"]
[Source "ChessBase"]
[SourceDate "2016.10.25"]
[SourceVersion "1"]
[SourceVersionDate "2016.10.25"]
[SourceQuality "1"]

1. e4 c5 2. Nf3 d6 3. d4 cxd4 4. Nxd4 Nf6 5. Nc3 a6 6. Bg5 e6 7. f4 Be7 8. Qf3 Nbd7 9. 0-0-0 Qc7 10. Bd3 b5 11. Rhe1 Bb7 12. Qg3 b4 13. Nd5 exd5 14. exd5 Kd8 15. Nc6+ Bxc6 16. dxc6 Nc5 17. Bh4 Rg8 18. Bc4 Nfe4 19. Bxe7+ Qxe7 20. Qf3 Kc7 21. g4 Qf6 22. Rxe4 Nxe4 23. Qxe4 Rge8 24. Qf3 g5 25. f5 a5 26. Qb3 Re7 27. a3 Rb8 28. Qa4 Qe5 29. Kb1 Qc5 30. b3 bxa3 31. Rd5 Qxc6 32. Qxa5+ Qb6 1/2-1/2

[Event "Madrid-ch sf-B"]
[Site "Madrid"]
[Date "2016.03.05"]
[Round "3"]
[White "Ramos del Campo, Alexander"]
[Black "Rojas Pozo, Jose Luis"]
[Result "1-0"]
[WhiteElo "2091"]
[BlackElo "2017"]
[PlyCount "109"]
[EventDate "2016.03.03"]
[EventType "swiss"]
[EventRounds "9"]
[EventCountry "ESP"]
[SourceTitle "EXT 2017"]
[Source "ChessBase"]
[SourceDate "2016.10.25"]
[SourceVersion "1"]
[SourceVersionDate "2016.10.25"]
[SourceQuality "1"]

1. e4 c6 2. d4 d5 3. e5 Bf5 4. Nf3 e6 5. Be2 Ne7 6. 0-0 Nd7 7. Nbd2 Bg6 8. Nb3 Nf5 9. Bd2 Be7 10. g4 Nh4 11. Nxh4 Bxh4 12. f4 Be4 13. Bf3 Be7 14. Bxe4 dxe4 15. Qe2 Nb6 16. Qxe4 Qd5 17. Qxd5 cxd5 18. Rad1 Nc4 19. Bc1 h5 20. g5 g6 21. Nc5 Bxc5 22. dxc5 0-0-0 23. Rd3 Rd7 24. Rfd1 Rhd8 25. b3 Na5 26. Bd2 Nc6 27. Be1 a5 28. a3 Kc7 29. b4 axb4 30. axb4 Ra8 31. Rb3 Ra2 32. b5 Ne7 33. Rdb1 Rd8 34. c6 b6 35. Bf2 Rda8 36. R3b2 Rxb2 37. Rxb2 Ra4 38. Bc5 Nc8 39. Bb4 Ra1+ 40. Kf2 Rh1 41. Ra2 Rxh2+ 42. Kg3 Re2 43. Bd6+ Nxd6 44. Ra7+ Nb7 45. Rxb7+ Kc8 46. Rxf7 Rxc2 47. Re7 Rc5 48. Rxe6 Rxb5 49. Rxg6 Rc5 50. Rh6 Kd8 51. g6 Ke7 52. f5 h4+ 53. Kxh4 d4 54. f6+ Ke6 55. g7 1-0

[Event "La Pobla de Lillet op 22nd"]
[Site "La Pobla de Lillet"]
[Date "2012.08.08"]
[Round "8"]
[White "Vinals Rioja, Jaume"]
[Black "Ramos del Campo, Alexander"]
[Result "1/2-1/2"]
[WhiteElo "2012"]
[BlackElo "2078"]
[PlyCount "30"]
[EventDate "2012.08.01"]
[EventType "swiss"]
[EventRounds "9"]
[EventCountry "ESP"]
[SourceTitle "CBM 149 Extra"]
[Source "ChessBase"]
[SourceDate "2012.08.24"]
[SourceVersion "1"]
[SourceVersionDate "2012.08.24"]
[SourceQuality "1"]

1. Nf3 Nf6 2. d4 d5 3. e3 e6 4. Bd3 Be7 5. Nbd2 0-0 6. 0-0 Nbd7 7. c3 b6 8. e4 dxe4 9. Nxe4 Bb7 10. Re1 Nxe4 11. Bxe4 Bxe4 12. Rxe4 c5 13. Re1 Nf6 14. dxc5 Qxd1 15. Rxd1 Bxc5 1/2-1/2

[Event "Mostoles op 5th"]
[Site "Mostoles"]
[Date "2012.07.23"]
[Round "5"]
[White "Martin Consuegra, Barrilero Javier"]
[Black "Ramos del Campo, Alexander"]
[Result "0-1"]
[WhiteElo "1880"]
[BlackElo "2078"]
[PlyCount "98"]
[EventDate "2012.07.19"]
[EventType "swiss"]
[EventRounds "9"]
[EventCountry "ESP"]
[SourceTitle "EXT 2013"]
[Source "ChessBase"]
[SourceDate "2012.11.22"]
[SourceVersion "1"]
[SourceVersionDate "2012.11.22"]
[SourceQuality "1"]

1. d4 Nf6 2. Bf4 e6 3. e3 c5 4. c3 Be7 5. Nd2 b6 6. Be2 Bb7 7. Bf3 d5 8. a4 0-0 9. Qb1 cxd4 10. exd4 Re8 11. Ne2 Nbd7 12. 0-0 Nf8 13. Bg3 Ba6 14. Re1 Rc8 15. Nf4 Bd6 16. Nd3 Bxg3 17. hxg3 Re7 18. Ne5 Ne8 19. Be2 Bxe2 20. Rxe2 Nd6 21. Qd3 f6 22. Nef3 Qe8 23. b3 Rec7 24. Rc1 Qg6 25. Qxg6 hxg6 26. Nb1 a6 27. Rec2 b5 28. axb5 axb5 29. Nbd2 Nd7 30. Ne1 Kf7 31. f3 Nb6 32. Nd3 Nf5 33. Nc5 b4 34. Kf2 bxc3 35. Rxc3 Nxd4 36. b4 Nb5 37. R3c2 Ra7 38. Nd3 Rxc2 39. Rxc2 Nd4 40. Rb2 Ke7 41. Nc5 Kd6 42. g4 g5 43. Ncb3 Nxb3 44. Nxb3 Nc4 45. Rb1 Ra2+ 46. Kg3 Ne3 47. Nd4 Nxg2 48. b5 Nf4 49. Rg1 Rd2 0-1

[Event "San Sebastian de los Reyes op 13th"]
[Site "San Sebastian"]
[Date "2011.12.09"]
[Round "8"]
[White "Aziz Ortego, Omar Luis"]
[Black "Ramos del Campo, Alexander"]
[Result "1-0"]
[WhiteElo "2139"]
[BlackElo "2038"]
[PlyCount "73"]
[EventDate "2011.12.02"]
[EventType "swiss"]
[EventRounds "9"]
[EventCountry "ESP"]
[SourceTitle "CBM 145 Extra"]
[Source "ChessBase"]
[SourceDate "2012.01.03"]
[SourceVersion "1"]
[SourceVersionDate "2012.01.03"]
[SourceQuality "1"]

1. e4 d5 2. exd5 Qxd5 3. Nc3 Qa5 4. d4 Nf6 5. Nf3 c6 6. Bc4 Bf5 7. 0-0 e6 8. Qe2 Be7 9. Bd2 Qc7 10. Ne5 Nbd7 11. Rae1 Nxe5 12. dxe5 Nd7 13. Bd3 Bxd3 14. cxd3 0-0-0 15. d4 Nb6 16. Be3 Bb4 17. Rc1 Bxc3 18. Rxc3 Nd5 19. Ra3 Kb8 20. Rc1 h5 21. b4 Qb6 22. Rb3 Qb5 23. Qb2 Rc8 24. Rc5 Qb6 25. b5 Qd8 26. bxc6 b6 27. h3 Ka8 28. Rc1 g5 29. a4 g4 30. Bd2 gxh3 31. Rxh3 Rg8 32. Rxh5 Qe8 33. Qc2 f5 34. Rh3 Rg4 35. Qc4 Qg6 36. g3 f4 37. Qa6 1-0

[Event "San Sebastian de los Reyes op 13th"]
[Site "San Sebastian"]
[Date "2011.12.08"]
[Round "7"]
[White "Ramos del Campo, Alexander"]
[Black "Garcia Ruiz Fuentes, Angel Marcos"]
[Result "1-0"]
[WhiteElo "2038"]
[BlackElo "1841"]
[PlyCount "55"]
[EventDate "2011.12.02"]
[EventType "swiss"]
[EventRounds "9"]
[EventCountry "ESP"]
[SourceTitle "CBM 145 Extra"]
[Source "ChessBase"]
[SourceDate "2012.01.03"]
[SourceVersion "1"]
[SourceVersionDate "2012.01.03"]
[SourceQuality "1"]

1. e4 c5 2. Nf3 d6 3. d4 cxd4 4. Nxd4 Nf6 5. Nc3 a6 6. Bg5 e6 7. f4 Qc7 8. Qf3 b5 9. Bd3 Nbd7 10. 0-0-0 Qb6 11. Rhe1 Bb7 12. Nd5 exd5 13. Nc6 Nb8 14. exd5+ Kd7 15. Bxf6 gxf6 16. Nxb8+ Rxb8 17. Bf5+ Kc7 18. Qc3+ Qc5 19. Qxf6 Bg7 20. Qxg7 Bxd5 21. Re7+ Kb6 22. Qd4 Qxd4 23. Rxd4 Kc5 24. Rd2 Rbe8 25. b4+ Kxb4 26. Rxe8 Rxe8 27. Rxd5 Kc3 28. Rd3+ 1-0

[Event "San Sebastian de los Reyes op 13th"]
[Site "San Sebastian"]
[Date "2011.12.04"]
[Round "3"]
[White "Ramos del Campo, Alexander"]
[Black "Largo Barbero, Benito"]
[Result "1-0"]
[WhiteElo "2038"]
[BlackElo "1798"]
[PlyCount "91"]
[EventDate "2011.12.02"]
[EventType "swiss"]
[EventRounds "9"]
[EventCountry "ESP"]
[SourceTitle "CBM 145 Extra"]
[Source "ChessBase"]
[SourceDate "2012.01.03"]
[SourceVersion "1"]
[SourceVersionDate "2012.01.03"]
[SourceQuality "1"]

1. e4 d6 2. d4 g6 3. Nc3 Bg7 4. g3 c6 5. Bg2 Qb6 6. Nge2 f5 7. 0-0 fxe4 8. Nxe4 Bf5 9. a4 Bxe4 10. Bxe4 Nd7 11. a5 Qc7 12. Nf4 Nf8 13. c4 Nf6 14. Bg2 e5 15. Ne2 N8d7 16. a6 b6 17. Nc3 Rc8 18. d5 c5 19. Nb5 Qb8 20. f4 0-0 21. Bh3 Rce8 22. f5 e4 23. fxg6 Ne5 24. gxh7+ Kh8 25. Bf4 Re7 26. Qe2 Qd8 27. Be6 Nf3+ 28. Rxf3 exf3 29. Qxf3 Nd7 30. Qe2 Ne5 31. Re1 Rf6 32. Nxd6 Ng6 33. Nb5 Nxf4 34. gxf4 Rg6+ 35. Kh1 Rgxe6 36. dxe6 Qa8+ 37. Qe4 Qxe4+ 38. Rxe4 Bf6 39. Nc3 Bxc3 40. bxc3 Kxh7 41. f5 Kg7 42. Re5 Kf6 43. Rd5 Rc7 44. Rd7 Rxd7 45. exd7 Ke7 46. Kg2 1-0

[Event "La Roda op 38th"]
[Site "La Roda"]
[Date "2011.04.20"]
[Round "1"]
[White "Alonso Rosell, Alvar"]
[Black "Ramos del Campo, Alexander"]
[Result "1-0"]
[WhiteElo "2477"]
[BlackElo "1980"]
[PlyCount "65"]
[EventDate "2011.04.20"]
[EventType "swiss"]
[EventRounds "9"]
[EventCountry "ESP"]
[SourceTitle "EXT 2012"]
[Source "ChessBase"]
[SourceDate "2011.11.24"]
[SourceVersion "1"]
[SourceVersionDate "2011.11.24"]
[SourceQuality "1"]

1. d4 Nf6 2. c4 c5 3. d5 e6 4. Nc3 exd5 5. cxd5 d6 6. e4 g6 7. h3 Bg7 8. Nf3 0-0 9. Bd3 b5 10. 0-0 a6 11. a3 Re8 12. Re1 Nbd7 13. Bf4 Qb6 14. Qd2 Bb7 15. b4 Rac8 16. Rac1 Nh5 17. Be3 Qd8 18. g4 Nhf6 19. Bf4 Ne5 20. Nxe5 dxe5 21. Be3 c4 22. Be2 Nd7 23. Kg2 Rb8 24. h4 Nb6 25. g5 Bc8 26. Rh1 Bd7 27. h5 Qc8 28. f3 Qc7 29. Qe1 gxh5 30. Rxh5 Qd6 31. Qh4 Qg6 32. Kf2 f6 33. Rg1 1-0

[Event "Madrid San Viator op 14th"]
[Site "Madrid"]
[Date "2010.04.25"]
[Round "4"]
[White "Ramos del Campo, Alexander"]
[Black "Pozuelo Yuen, Fernando"]
[Result "0-1"]
[WhiteElo "1931"]
[BlackElo "1821"]
[PlyCount "74"]
[EventDate "2010.03.28"]
[EventType "swiss"]
[EventRounds "9"]
[EventCountry "ESP"]
[SourceTitle "EXT 2011"]
[Source "ChessBase"]
[SourceDate "2010.11.26"]
[SourceVersion "1"]
[SourceVersionDate "2010.11.26"]
[SourceQuality "1"]

1. e4 e6 2. Qe2 c5 3. Nf3 Nc6 4. g3 Be7 5. Bg2 d5 6. e5 Nh6 7. d3 Nf5 8. c3 0-0 9. 0-0 b5 10. h4 a5 11. Bf4 Ba6 12. Nbd2 b4 13. Rfd1 a4 14. a3 Qa5 15. g4 bxc3 16. bxc3 Nxh4 17. Nxh4 Bxh4 18. g5 Qxc3 19. Qh5 Bxf2+ 20. Kxf2 Bxd3 21. Rh1 Rab8 22. Rad1 Rb2 23. Rh3 Qd4+ 24. Be3 Qxe5 25. Bxc5 Qf4+ 26. Kg1 Rxd2 27. Rxd3 Rxd3 28. Rf1 Qb8 29. g6 hxg6 30. Qh4 Ne5 31. Bxf8 Qxf8 32. Rb1 Qc5+ 33. Kh1 Rb3 34. Rf1 Rxa3 35. Qf4 Qe3 36. Qb4 Qg3 37. Qb8+ Kh7 0-1

[Event "Madrid San Viator op 14th"]
[Site "Madrid"]
[Date "2010.03.28"]
[Round "1"]
[White "Aranda Perez, Ivan"]
[Black "Ramos del Campo, Alexander"]
[Result "0-1"]
[WhiteElo "1426"]
[BlackElo "1931"]
[PlyCount "64"]
[EventDate "2010.03.28"]
[EventType "swiss"]
[EventRounds "9"]
[EventCountry "ESP"]
[SourceTitle "EXT 2011"]
[Source "ChessBase"]
[SourceDate "2010.11.26"]
[SourceVersion "1"]
[SourceVersionDate "2010.11.26"]
[SourceQuality "1"]

1. e4 d5 2. exd5 Qxd5 3. Nc3 Qa5 4. d4 Nf6 5. Nf3 Bf5 6. Bd2 c6 7. Be2 e6 8. Ne4 Qc7 9. Nxf6+ gxf6 10. Bc3 Nd7 11. Bd3 Bxd3 12. Qxd3 0-0-0 13. 0-0-0 h5 14. Kb1 Be7 15. Nd2 Nc5 16. Qe2 Na4 17. Qc4 Nxc3+ 18. Qxc3 Rhg8 19. g3 f5 20. f4 h4 21. Rhg1 Bf6 22. Nf3 hxg3 23. hxg3 c5 24. Qxc5 Qxc5 25. dxc5 Rxd1+ 26. Rxd1 Rxg3 27. Rf1 Kc7 28. Nd2 Bd4 29. Nb3 Be3 30. Rh1 Bxf4 31. Rh7 Rg1+ 32. Nc1 Rxc1# 0-1